| 000 | 00646nam a22001577a 4500 | ||
|---|---|---|---|
| 003 | OSt | ||
| 005 | 20150922135713.0 | ||
| 008 | 150922b xxu||||| |||| 00| 0 eng d | ||
| 040 | _cRUA | ||
| 082 | _aAGR MEN 2009 B039 Or.1 | ||
| 100 |
_91104 _aMENG, RITHEA |
||
| 245 | _aArithropod pests and natural enemies on cashew tree in cheung prey district,kompong cham province ប្រភេទសត្វល្អិតលើដំណាំស្វាយចន្ទី ក្នុងស្រុកជើងព្រៃ ខេត្តកំពង់ចាម | ||
| 260 |
_aPhnom Penh _bRUA _c2009 |
||
| 300 |
_axi, 57p _bill _c29cm |
||
| 942 |
_2ddc _cAGR |
||
| 999 |
_c1059 _d1059 |
||